| 000 | 01459nam a2200301 a 4500 | ||
|---|---|---|---|
| 001 | BRCA_5022 | ||
| 005 | 20190320204916.0 | ||
| 008 | 011110s1789----mx-######v---#000-0#spa-# | ||
| 041 | _aspa | ||
| 044 | _amx | ||
| 084 |
_aDOC79 _b.B67 _c1789 |
||
| 100 | 1 |
_aBorda, Manuel de la _912812 |
|
| 245 | 1 | 0 |
_aDocumento expedido por Don Manuel de la Borda _cManuel de la Borda ; Pedro Alonso de Aller Díaz. |
| 260 |
_aMéxico _c1789 |
||
| 300 |
_a[29] fojas _c31 x 21 cm |
||
| 500 | _aDocumento firmado el 26 de agosto de 1789. | ||
| 500 | _aPoder otorgado por el Dr. Don Manuel de la Borda, clérigo Presbítero, al señor Pedro Alonso de Aller Díaz, Caballero Profeso de la Orden de Calatrava, Contador Mayor Honorario del Real Tribunal, y Audiencia de Cuentas de la Nueva España. | ||
| 500 | _aContiene sello con el escudo de la casa de Borbón y el lema: ´SELLO SEGUNDO. SEIS REALES. AÑOS DE MIL SETECIENTOS OCHENTA Y OCHO. Y OCHENTA Y NUEVE´. | ||
| 500 | _aEl documento contiene la leyenda DOC. #239. | ||
| 506 | 0 | _aFondo Reservado. Para su consulta es necesario credencial de usuario y carta de motivos. | |
| 546 | _aTexto en: Español de finales del siglo XVIII. | ||
| 600 | 1 | 4 |
_aBorda, Manuel de la _cPresbítero _xHistoria _912813 |
| 650 | 1 | 4 |
_aDocumentos legales _vManuscritos _xHistoria _912814 |
| 651 | 4 |
_aMéxico _xHistoria _yColonia, 1521-1821 _912461 |
|
| 700 | 1 |
_aAller Díaz, Pedro Alonso de _912815 |
|
| 902 | _aFDH | ||
| 942 |
_2lcc _cD |
||
| 999 |
_c4716 _d4716 |
||